1849 1846 1531 1946 1918 1670 1859 1427 1444 1453 1589 1216 1910 1082 1232 1872 1753 1071 1638 1446 1480 1091 1725 1976 1743 1876 1582 1864 1085 1611 1731 1397 1199 1767 1485 1393 1328 1302 1003 1221 1706 1078 1188 1780 1888 1591 1872 1101 1456 1909 1081 1905 1787 1461 1485 1536 1780 1479 1556 1242 1648 1063 1820 1592 1033 1215 1802 1524 1328 1378 1668 1004 1529 1415 1742 1529 1489 1911 1758 1584 1002 1906 1920 1392 1414 1060 1684 1529 1549 1297 1601 1682 1419 1399 1094 1968 1783 1901 1302 BCNSPRNW ULIB Ver.6.0+V

เปลี่ยนเป็นภาษาไทย

Change to English
 แสดงรายละเอียดบรรณานุกรม
  กลับหน้าหลัก

Brief Record : Get Marc (ISO 2709) : E-mail record : QR code < ปิดหน้าต่าง
LEADER : 00000nam 2200000uu 4500
001    13399126993
003     ULIB
008    190924s2558||||th 000 0 tha d
020    ^a9786163486509
060 04 ^aWY157^bศ486ก
100 0  ^aศิริวรรณ แสงอินทร์
245 10 ^aการพยาบาลมารดาที่มีการคลอดยากและการช่วยคลอด/^cศิริวรรณ แสงอินทร์
250    ^aพิมพ์ครั้งที่ 2
260    ^aกรุงเทพฯ :^คณะยาบาลศาสตร์ มหาวิทยาลัยบูรพา,^c2558
300    ^a118 หน้า :^bภาพประกอบ ;^c27 ซม.
650  4 ^aการคลอด
650  4 ^aการพยาบาลสูติศาสตร์
650  4 ^aสูติศาสตร์
650  0 ^aการคลอดโดยใช้สูติศาสตร์หัตถการ
710 2  ^aมหาวิทยาลัยบูรพา. ^bคณะพยาบาลศาสตร์.
945    ^p159^l0^i27795
945    ^p159^l0^i27796
945    ^p159^l0^i27794
945    ^p159^l0^i27798
945    ^p159^l0^i27797
999    ^aกัณชพร จุลอักษร
รายการนี้ยังไม่มีแท็ก
คุณยังไม่ได้ล็อกอิน คุณสามารถมีกิจกรรมร่วมกับเว็บไซต์ได้ แต่ต้องล็อกอินก่อน ::
  ล็อกอิน

รายการสื่อสารสนเทศ

ลำดับที่ ประเภท เลขเรียก/บาร์โค้ด สถานที่ สถานะ
1. หนังสือสำรอง
หนังสือสำรอง
WY157 ศ486ก ฉ.1 
  Barcode: 27794
ห้องสมุดวิทยาเขตนครสวรรค์
►ส่วนจัดเก็บหนังสือเก่า นว.
บนชั้น
  ขอยืม
2. วิทยาศาสตร์การแพทย์ และสุขภาพ
วิทยาศาสตร์การแพทย์ และสุขภาพ
WY157 ศ486ก ฉ.2 
  Barcode: 27795
ห้องสมุดวิทยาเขตนครสวรรค์
►ส่วนจัดเก็บหนังสือเก่า นว.
บนชั้น
  ขอยืม
3. วิทยาศาสตร์การแพทย์ และสุขภาพ
วิทยาศาสตร์การแพทย์ และสุขภาพ
WY157 ศ486ก ฉ.3 
  Barcode: 27796
ห้องสมุดวิทยาเขตนครสวรรค์
►ส่วนจัดเก็บหนังสือเก่า นว.
บนชั้น
  ขอยืม
4. วิทยาศาสตร์การแพทย์ และสุขภาพ
วิทยาศาสตร์การแพทย์ และสุขภาพ
WY157 ศ486ก ฉ.4 
  Barcode: 27797
ห้องสมุดวิทยาเขตนครสวรรค์
►ส่วนจัดเก็บหนังสือเก่า นว.
บนชั้น
  ขอยืม
5. วิทยาศาสตร์การแพทย์ และสุขภาพ
วิทยาศาสตร์การแพทย์ และสุขภาพ
WY157 ศ486ก ฉ.5 
  Barcode: 27798
ห้องสมุดวิทยาเขตนครสวรรค์
►ส่วนจัดเก็บหนังสือเก่า นว.
บนชั้น
  ขอยืม

รายการใกล้เคียง
    ผู้แต่ง [ศิริวรรณ แสงอินทร์]

    หัวเรื่อง [การคลอด]
    หัวเรื่อง [การพยาบาลสูติศาสตร์]
    หัวเรื่อง [สูติศาสตร์]
    หัวเรื่อง [การคลอดโดยใช้สูติศาสตร์หัตถการ]

BibComment


ยังไม่เคยถูกคอมเมนท์

คอมเมนท์ทรัพยากรรายการนี้
  คอมเมนท์: การพยาบาลมารดาที..


 Copyright 2026. Bcnsprnw @Library